Capitals and Largest Cities of Angola - Statistics

General Stats
  • This quiz has been taken 9 times
  • The average score is 4 of 18
Answer Stats
Province Capital % Correct
Luanda Luanda
80%
Benguela Benguela
60%
Malanje Malanje
60%
Cabinda Cabinda
40%
Bengo Caxito
40%
Huambo Huambo
40%
Uíge Uíge
40%
Zaire M'banza-Kongo
20%
Namibe Moçâmedes
20%
Lunda Norte Dundo
0%
Bié Kuito
0%
Huíla Lubango
0%
Moxico Luena
0%
Cuando Cubango Menongue
0%
Cuanza Norte N'dalatando
0%
Cunene Ondjiva
0%
Lunda Sul Saurimo
0%
Cuanza Sul Sumbe
0%
No matching quizzes found
Score Distribution
Percent of People with Each Score
Percentile by Number Answered
Your Score History
You have not taken this quiz